00000000nam 2200000za 4500
0019.802863
003CaOODSP
00520221107135058
007cr |||||||||||
008150406s2015    onc|||||o    f|0| 0 fre d
040 |aCaOODSP|bfre
043 |an-cn---
0861 |aTU3-7/13-0071F-PDF
24500|aHeurt et échouement subséquent - navire de charge Claude A. Desgagnes - Iroquois (Ontario), le 6 novembre 2013 |h[ressource électronique].
260 |a[Ottawa] : |bBureau de la sécurité des transports du Canada, |c[2015]
300 |a[1], 14 p. : |btable, photographies.
4901 |aRapport d'enquête maritime ;|vM13C0071
500 |aPublié aussi en anglais sous le titre : Striking and subsequent grounding - general cargo ship Claude A. Desgagnes - Iroquois, Ontario, 06 November 2013.
504 |aComprend des références bibliographiques.
69207|2gccst|aAccident maritime
69207|2gccst|aEnquête
7102 |aBureau de la sécurité des transports du Canada.
77508|tStriking and subsequent grounding - general cargo ship Claude A. Desgagnes - Iroquois, Ontario, 06 November 2013 |w(CaOODSP)9.802862
830#0|aRapport d'enquête maritime ;|vM13C0071|w(CaOODSP)9.501269
85640|qPDF|s281 Ko|uhttps://publications.gc.ca/collections/collection_2015/bst-tsb/TU3-7-13-0071-fra.pdf